Využitie softvéru pri práci s pravdepodobnostnými rozdeleniami v aktuárskej praxi

Salvato in:
Dettagli Bibliografici
Autore principale: Páleš, Michal, 1984-
Ente Autore: Fakulta hospodárskej informatiky EU. Katedra matematiky a aktuárstva
Natura: Libro
Lingua:slovacco
Pubblicazione: Bratislava 2014
Tags: Aggiungi Tag
Nessun Tag, puoi essere il primo ad aggiungerne!!

MARC

LEADER 00000nam a2200000 4500
001 0198578
005 20240822101656.7
041 0 |a slo 
044 |a SK 
245 1 0 |a Využitie softvéru pri práci s pravdepodobnostnými rozdeleniami v aktuárskej praxi  |c Michal Páleš 
264 1 |a Bratislava  |c 2014 
300 |a [7 s., 5 AH] 
100 1 |a Páleš, Michal, 1984- 
710 2 |a Fakulta hospodárskej informatiky EU. Katedra matematiky a aktuárstva